000
00285nam a22001217a 4500
008
160422b xxu||||| |||| 00| 0 eng d
020
_a
9780827362727
020
_a
0827362722
041
_a
eng
080
_a
618.2
245
_a
The executive nurse :
_c
Sandra R. Byers;
942
_2
udc
_c
BK
999
_c
1510
_d
1510